|
|
|
|
| LEADER |
00682cam a2200229 7i4500 |
| 001 |
0000036700 |
| 005 |
20211124090000.0 |
| 007 |
##ta |
| 008 |
211124s2008 my e 000 0 may |
| 020 |
# |
# |
|a 9789833604937
|
| 040 |
# |
# |
|a MATR
|
| 090 |
0 |
0 |
|a FM 649.1
|b TAT
|
| 100 |
0 |
# |
|a Tengku Asmadi Tengku Mohamad
|
| 245 |
1 |
0 |
|a TEKNIK MEMOTIVASIKAN ANAK CARA POSITIF
|c Tengku Asmadi T. Mohamad.
|
| 264 |
# |
0 |
|a Kuala Lumpur:
|b PTS Millennia,
|c 2008.
|
| 300 |
# |
# |
|a 146 pages;
|c 23 cm.
|
| 336 |
# |
# |
|a text
|2 rdacontent
|
| 337 |
# |
# |
|a unmediated
|2 rdamedia
|
| 338 |
# |
# |
|a volume
|2 rdacarrier
|
| 650 |
0 |
0 |
|a Child rearing
|
| 650 |
0 |
0 |
|a Parenting
|
| 999 |
|
|
|a F000000003
|b Book
|c Book
|e Business Information Centre
|